00786nam a22001937a 4500003000200000005001700002008004100019050002300060100003100083245009000114260007100204300004500275504005800320650004800378650003400426650004200460650004100502650004900543020250115174153.0250115b xxu||||| |||| 00| 0 eng d aRC 552b.Si56 2024 aSiachua, Clobelle Marie A. aCompassion fatigue and well being of selected firefighterscClobelle Marie A. Siachua aLas Pinas CitybSouthville International School and Collegesc2024 axi, 238 pages :billustrations ;c28cm.  aIncludes bibliographical references and appendices.  aCompassion fatigue—Psychological aspects. aFirefighters—Mental health. aStress (Psychology) in the workplace. aWell-being—Psychological aspects.  aOccupational health—Psychological aspects.